Normal view MARC view
  • Royal Institution of Chartered Surveyors

Entry Corporate Name

Number of records used in: 4

001 - CONTROL NUMBER

  • control field: 4468

003 - CONTROL NUMBER IDENTIFIER

  • control field: SIRSI

005 - DATE AND TIME OF LATEST TRANSACTION

  • control field: 20190806150233.0

008 - FIXED-LENGTH DATA ELEMENTS

  • fixed length control field: 030618n| aaannaabn |n ana d

040 ## - CATALOGING SOURCE

  • Original cataloging agency: OSt
  • Transcribing agency: OSt

110 ## - HEADING--CORPORATE NAME

  • Corporate name or jurisdiction name as entry element: Royal Institution of Chartered Surveyors
  • Subordinate unit: Regeneration Forum

410 ## - SEE FROM TRACING--CORPORATE NAME

  • Corporate name or jurisdiction name as entry element: RICS Regeneration Forum

410 ## - SEE FROM TRACING--CORPORATE NAME

  • Corporate name or jurisdiction name as entry element: Regeneration Forum

670 ## - SOURCE DATA FOUND

  • Source citation: Housebuilding in the 21st century [multimedia presentation], 2003